[Event "Merida Torre Memorial 34th"]
[Site "Merida"]
[Date "2024.12.18"]
[Round "9"]
[White "Limon Olmos, Ivan Alonso"]
[Black "Garcia De Dios, Jose Antonio"]
[Result "1-0"]
[WhiteElo "2162"]
[BlackElo "2213"]
[PlyCount "87"]
[EventDate "2024.12.13"]
[EventType "swiss"]
[EventRounds "9"]
[EventCountry "MEX"]
[SourceTitle "CB52_2024"]
[SourceDate "2024.12.25"]
[SourceVersion "1"]
[SourceVersionDate "2024.12.25"]
[SourceQuality "1"]

1. d4 Nf6 2. Nf3 g6 3. c4 Bg7 4. Nc3 d5 5. Bg5 Ne4 6. Bf4 Nxc3 7. bxc3 dxc4 8. Qa4+ Nd7 9. e3 0-0 10. Bxc4 c5 11. Qa3 cxd4 12. cxd4 Nb6 13. Be2 Be6 14. 0-0 Bc4 15. Bxc4 Nxc4 16. Qb4 Nb6 17. Bg3 Qd7 18. Rfc1 Rfc8 19. h3 Nd5 20. Qa3 b5 21. Rxc8+ Rxc8 22. Rc1 Rc4 23. Rxc4 bxc4 24. Qc5 Nb6 25. Bc7 Qa4 26. Bxb6 Bf8 27. Ba5 Qd1+ 28. Kh2 Qe2 29. Ne5 Qxf2 30. Qxc4 Bh6 31. Ng4 Qh4 32. Nxh6+ Qxh6 33. Bc7 Kg7 34. Be5+ f6 35. Qe6 fxe5 36. Qxe7+ Kg8 37. Qe8+ Kg7 38. Qxe5+ Kg8 39. d5 Qf8 40. d6 Qb8 41. e4 h5 42. Qe6+ Kh7 43. Qe7+ Kh6 44. Qc7 1-0

[Event "Merida Torre Memorial 34th"]
[Site "Merida"]
[Date "2024.12.15"]
[Round "4"]
[White "Limon Olmos, Ivan Alonso"]
[Black "Trevino, Luna Angel Daniel"]
[Result "1-0"]
[WhiteElo "2162"]
[BlackElo "1933"]
[PlyCount "143"]
[EventDate "2024.12.13"]
[EventType "swiss"]
[EventRounds "9"]
[EventCountry "MEX"]
[SourceTitle "CB52_2024"]
[SourceDate "2024.12.25"]
[SourceVersion "1"]
[SourceVersionDate "2024.12.25"]
[SourceQuality "1"]

1. d4 d5 2. c4 c6 3. Nf3 Nf6 4. Nc3 dxc4 5. a4 Bg4 6. e3 e6 7. Bxc4 Bb4 8. Bd2 a5 9. 0-0 0-0 10. Be2 Nbd7 11. Qc2 Qe7 12. Rfd1 Rfd8 13. Be1 e5 14. dxe5 Nxe5 15. Nd4 Bxe2 16. Qxe2 g6 17. h3 h5 18. Rac1 Ned7 19. Qc4 Nb6 20. Qb3 c5 21. Ndb5 Rxd1 22. Qxd1 Rd8 23. Qf3 Nc4 24. Qe2 Ne5 25. Rd1 Rxd1 26. Qxd1 Qd7 27. Kf1 Qd3+ 28. Qe2 Kg7 29. f4 Qf5 30. Nd6 Qe6 31. fxe5 Qxe5 32. Nc4 Qf5+ 33. Kg1 Nd7 34. e4 Qe6 35. Nd5 Bxe1 36. Qxe1 f5 37. Qc3+ Kh7 38. Nc7 Qxe4 39. Nd6 Qb1+ 40. Kh2 Qd1 41. Nce8 Qd4 42. Qxd4 cxd4 43. Kg1 Nc5 44. b3 b6 45. Nc4 Nxb3 46. Nxb6 Nc1 47. Kf1 Kg8 48. Nd6 h4 49. Nb7 Nb3 50. Nc4 d3 51. Ncxa5 Nd2+ 52. Ke1 Ne4 53. Nc4 Nc3 54. a5 Nb5 55. Ne5 g5 56. Nf3 g4 57. Nxh4 gxh3 58. gxh3 Kf7 59. Nf3 Kf6 60. Kd2 f4 61. Kxd3 Nc7 62. Ke4 Ke6 63. h4 Kf6 64. Nc5 Kg6 65. a6 Nb5 66. Kxf4 Kh5 67. Ne4 Na7 68. Ng3+ Kh6 69. Kg4 Nc6 70. Nf5+ Kg6 71. Ne7+ Nxe7 72. a7 1-0

[Event "Merida Torre Memorial 34th"]
[Site "Merida"]
[Date "2024.12.14"]
[Round "3"]
[White "Rodriguez Arrieta, Maria Elena"]
[Black "Limon Olmos, Ivan Alonso"]
[Result "0-1"]
[WhiteElo "1971"]
[BlackElo "2162"]
[PlyCount "84"]
[EventDate "2024.12.13"]
[EventType "swiss"]
[EventRounds "9"]
[EventCountry "MEX"]
[SourceTitle "CB52_2024"]
[SourceDate "2024.12.25"]
[SourceVersion "1"]
[SourceVersionDate "2024.12.25"]
[SourceQuality "1"]

1. e4 e5 2. Nf3 Nc6 3. Bb5 Nf6 4. d3 d6 5. c3 g6 6. 0-0 Bg7 7. d4 Bd7 8. Nbd2 0-0 9. Re1 Nxd4 10. cxd4 Bxb5 11. dxe5 dxe5 12. Nxe5 Re8 13. Nxf7 Kxf7 14. Qb3+ Qd5 15. Qc2 c6 16. Nf3 Nxe4 17. Rxe4 Rxe4 18. Qxe4 Qxe4 19. Ng5+ Kg8 20. Nxe4 Rd8 21. Bg5 Bxb2 22. Rb1 Rd3 23. h3 Bd4 24. a4 Ba6 25. Bh6 Ra3 26. Nd6 Ra1 27. Rxa1 Bxa1 28. Be3 b6 29. f3 Be5 30. Ne4 Bd3 31. Kf2 Bxe4 32. fxe4 Kf7 33. Ke2 Ke6 34. Kd3 Bb8 35. Bd4 b5 36. axb5 cxb5 37. Kc2 a5 38. Bb6 a4 39. Bc5 Bd6 40. Bd4 b4 41. Kb1 Be5 42. Bc5 Bc3 0-1

[Event "Carlos Torre Memorial op 33rd"]
[Site "Merida"]
[Date "2023.12.15"]
[Round "1"]
[White "Sarmiento Torres, Mauro"]
[Black "Limon Olmos, Ivan Alonso"]
[Result "0-1"]
[WhiteElo "1713"]
[BlackElo "2165"]
[PlyCount "54"]
[EventDate "2023.12.15"]
[EventType "swiss"]
[EventRounds "9"]
[EventCountry "MEX"]
[SourceTitle "CBM 217 Extra"]
[Source "ChessBase"]
[SourceDate "2024.01.31"]
[SourceVersion "1"]
[SourceVersionDate "2024.01.31"]
[SourceQuality "1"]

1. d4 d5 2. c4 e6 3. Nf3 Nf6 4. Nc3 c6 5. e3 Nbd7 6. Qc2 Bd6 7. Bd2 dxc4 8. Bxc4 0-0 9. 0-0 Qe7 10. e4 e5 11. h3 exd4 12. Nxd4 Ne5 13. Be2 Ng6 14. f4 Re8 15. Bd3 Nh5 16. Nce2 Rd8 17. Nb3 Qh4 18. e5 Bc7 19. Rf3 Bb6+ 20. Kh2 Bg4 21. Rff1 Bxe2 22. Bxe2 Qg3+ 23. Kh1 Nhxf4 24. Bg4 Nd3 25. Bg5 Ngxe5 26. Qe2 Rd5 27. Rad1 Nxg4 0-1

[Event "MEX-ch"]
[Site "Mexico City"]
[Date "2023.11.09"]
[Round "4"]
[White "Rosas Garcia, Cesar Arturo"]
[Black "Limon Olmos, Ivan Alonso"]
[Result "0-1"]
[WhiteElo "1971"]
[BlackElo "2152"]
[PlyCount "121"]
[EventDate "2023.11.07"]
[EventType "swiss"]
[EventRounds "9"]
[EventCountry "MEX"]
[SourceTitle "CBM 217 Extra"]
[Source "ChessBase"]
[SourceDate "2024.01.31"]
[SourceVersion "1"]
[SourceVersionDate "2024.01.31"]
[SourceQuality "1"]

1. e4 e5 2. f4 d5 3. exd5 e4 4. d3 Nf6 5. Nc3 Bb4 6. Bd2 e3 7. Bxe3 Nxd5 8. Bd2 Bxc3 9. bxc3 0-0 10. c4 Re8+ 11. Kf2 Nf6 12. h3 Qd4+ 13. Kg3 Nh5+ 14. Kh2 Nxf4 15. c3 Qf2 16. Be1 Qxf1 17. Qd2 Re2 18. Qxe2 Nxe2 19. Nf3 Qxh1+ 20. Kxh1 Nf4 21. d4 Bf5 22. Bg3 Ne6 23. d5 Nc5 24. Bxc7 Nbd7 25. Re1 Be4 26. Nd2 Re8 27. Kh2 f5 28. Bd6 b6 29. Nb3 Rc8 30. Nd4 Nb7 31. Bf4 Rxc4 32. g4 Nf6 33. gxf5 Rxc3 34. d6 Rd3 35. Be5 Nxd6 36. Rg1 Rd2+ 37. Kg3 Rxd4 38. Bxd4 Nxf5+ 39. Kf4 Nxd4 40. Ke3 Nc6 41. h4 Kf7 42. a3 g6 43. Kf4 h6 44. Rd1 Nd5+ 45. Kg3 Ke6 46. Rc1 Kd6 47. Re1 Ke5 48. Rc1 Nf6 49. Rc4 g5 50. hxg5 hxg5 51. Rc1 a6 52. Rc3 Ne7 53. a4 Nf5+ 54. Kf2 g4 55. Rc7 g3+ 56. Kg1 Nd4 57. Rg7 Kf4 58. Kf1 Ng4 59. Kg1 g2 60. Rf7+ Kg3 61. Rf2 0-1

[Event "Titled Tuesday intern op 31st Jan Early"]
[Site "Chess.com INT"]
[Date "2023.01.31"]
[Round "2"]
[White "Limon Olmos, Ivan Alonso"]
[Black "Vidruska, Renate"]
[Result "0-1"]
[WhiteElo "2140"]
[BlackElo "1991"]
[PlyCount "154"]
[EventDate "2023.01.31"]
[EventType "swiss (blitz)"]
[EventRounds "11"]
[EventCountry "USA"]
[SourceTitle "CBM 212 Extra"]
[Source "ChessBase"]
[SourceDate "2023.03.31"]
[SourceVersion "1"]
[SourceVersionDate "2023.03.31"]
[SourceQuality "1"]

1. d4 d5 2. c4 e6 3. Nf3 Nf6 4. Nc3 c6 5. Bg5 h6 6. Bxf6 Qxf6 7. e3 g6 8. Rc1 Nd7 9. Bd3 Bg7 10. 0-0 0-0 11. e4 dxe4 12. Nxe4 Qe7 13. Re1 b6 14. c5 Bb7 15. b4 a5 16. a3 axb4 17. axb4 b5 18. Nd6 Nf6 19. h4 Ra4 20. Qd2 Nd5 21. Rb1 h5 22. Ng5 Bh6 23. Be4 Qd7 24. Bxd5 exd5 25. Qe2 Ba8 26. Qe7 Qxe7 27. Rxe7 Bxg5 28. hxg5 Ra2 29. Rbe1 Rb2 30. Re8 Rxb4 31. Rxf8+ Kxf8 32. Re8+ Kg7 33. Rxa8 Rxd4 34. Rc8 b4 35. Rxc6 b3 36. Rb6 Rd1+ 37. Kh2 Rc1 38. Nb7 d4 39. Rxb3 Rc3 40. Rb4 d3 41. Rd4 Kf8 42. f3 Ke8 43. Kg3 Ke7 44. Kf2 Ke6 45. Ke3 Rc2 46. Rxd3 Rxg2 47. Rd6+ Ke7 48. f4 Rc2 49. Rd2 Rc4 50. Rd4 Rc3+ 51. Ke4 h4 52. Kd5 h3 53. Nd6 h2 54. Rd1 Rd3+ 55. Rxd3 h1Q+ 56. Kd4 Qg1+ 57. Re3+ Kd7 58. Ke4 Qg2+ 59. Kd4 Qd2+ 60. Rd3 Qxf4+ 61. Kc3 Qe5+ 62. Kc4 Kc6 63. Ne4 Qxe4+ 64. Rd4 Qe6+ 65. Kd3 Qf5+ 66. Kc4 Qxg5 67. Rd6+ Kc7 68. Kb5 Qf5 69. Rc6+ Kd7 70. Rd6+ Kc8 71. Ra6 Qd7+ 72. c6 Qd5+ 73. Kb6 Qb3+ 74. Kc5 Qc3+ 75. Kb6 Qb4+ 76. Ka7 g5 77. Ka8 Qb8# 0-1

[Event "Titled Tuesday intern op 24th Jan Late"]
[Site "Chess.com INT"]
[Date "2023.01.24"]
[Round "5"]
[White "Djokic, Mihailo"]
[Black "Limon Olmos, Ivan Alonso"]
[Result "1-0"]
[WhiteElo "2221"]
[BlackElo "2140"]
[PlyCount "99"]
[EventDate "2023.01.24"]
[EventType "swiss (blitz)"]
[EventRounds "11"]
[EventCountry "USA"]
[SourceTitle "EXT 2024"]
[Source "ChessBase"]
[SourceDate "2023.10.10"]
[SourceVersion "1"]
[SourceVersionDate "2023.10.10"]
[SourceQuality "1"]

1. e4 e5 2. Nf3 Nc6 3. Nc3 Nf6 4. Bb5 Nd4 5. Ba4 Nxf3+ 6. gxf3 Bc5 7. Rg1 Nh5 8. d4 Bxd4 9. Nb5 Bb6 10. Rg5 g6 11. Rxe5+ Kf8 12. Bg5 f6 13. Bh6+ Ng7 14. Rd5 c6 15. Rd6 cxb5 16. Bb3 Bc7 17. Rd5 d6 18. Qd4 Be6 19. Rxb5 Bxb3 20. axb3 Bb6 21. Rxb6 axb6 22. Rxa8 Qxa8 23. Qxf6+ Ke8 24. Bxg7 Qa1+ 25. Ke2 Qa6+ 26. c4 Kd7 27. Bxh8 Qa2 28. Qf7+ Kc6 29. Qd5+ Kc7 30. Bc3 Qxb3 31. e5 Qc2+ 32. Qd2 Qf5 33. Qxd6+ Kc8 34. e6 Qc2+ 35. Qd2 Qa4 36. Qd7+ Qxd7 37. exd7+ Kxd7 38. b4 b5 39. cxb5 Kd6 40. Bd4 Kd5 41. Kd3 h5 42. h4 Ke6 43. f4 Kf5 44. Be5 Kg4 45. Bf6 Kxf4 46. Kd4 Kf3 47. Kc5 Kxf2 48. b6 g5 49. Bxg5 Kf3 50. Kd6 1-0

[Event "Titled Tuesday intern op 24th Jan Late"]
[Site "Chess.com INT"]
[Date "2023.01.24"]
[Round "7"]
[White "Limon Olmos, Ivan Alonso"]
[Black "Romero Ruscalleda, Josep"]
[Result "1-0"]
[WhiteElo "2140"]
[BlackElo "2193"]
[PlyCount "91"]
[EventDate "2023.01.24"]
[EventType "swiss (blitz)"]
[EventRounds "11"]
[EventCountry "USA"]
[SourceTitle "EXT 2024"]
[Source "ChessBase"]
[SourceDate "2023.10.10"]
[SourceVersion "1"]
[SourceVersionDate "2023.10.10"]
[SourceQuality "1"]

1. d4 g6 2. c4 Bg7 3. Nf3 d6 4. Nc3 Nc6 5. d5 Nb8 6. e4 e6 7. Be2 Ne7 8. 0-0 0-0 9. dxe6 fxe6 10. Qc2 Nbc6 11. Be3 e5 12. Rad1 Be6 13. c5 Nc8 14. cxd6 Nxd6 15. Nb5 Qe7 16. Nxd6 cxd6 17. Bc4 Rac8 18. Qb3 Bxc4 19. Qxc4+ Kh8 20. Qd5 Nb4 21. Qxd6 Qxd6 22. Rxd6 Nxa2 23. Ra1 Nb4 24. Rxa7 Rc7 25. Rb6 Rfc8 26. h4 Nc2 27. Bd2 Nd4 28. Rbxb7 Nxf3+ 29. gxf3 Rxb7 30. Rxb7 Bf6 31. Bc3 Kg8 32. f4 Bxh4 33. Bxe5 Rc1+ 34. Kg2 Rc2 35. Bd4 Re2 36. Kf3 Re1 37. e5 Rd1 38. Be3 Bd8 39. Ke4 h5 40. f5 gxf5+ 41. Kxf5 Rd3 42. Kg6 h4 43. Rh7 Rd5 44. f4 Kf8 45. e6 Ke8 46. f5 1-0

[Event "Titled Tuesday intern op 17th Jan Late"]
[Site "Chess.com INT"]
[Date "2023.01.17"]
[Round "1"]
[White "Limon Olmos, Ivan Alonso"]
[Black "Galperin, Platon"]
[Result "0-1"]
[WhiteElo "2140"]
[BlackElo "2534"]
[PlyCount "78"]
[EventDate "2023.01.17"]
[EventType "swiss (blitz)"]
[EventRounds "11"]
[EventCountry "USA"]
[SourceTitle "CBM 212 Extra"]
[Source "ChessBase"]
[SourceDate "2023.03.31"]
[SourceVersion "1"]
[SourceVersionDate "2023.03.31"]
[SourceQuality "1"]

1. d4 Nf6 2. Nf3 d5 3. c4 e6 4. Nc3 Ne4 5. Bf4 Bb4 6. Rc1 c5 7. dxc5 Nc6 8. cxd5 exd5 9. e3 Qa5 10. Qb3 Be6 11. Nd4 Nxc5 12. Qc2 Nxd4 13. exd4 Ne4 14. Bd3 Nxc3 15. bxc3 Rc8 16. Bd2 Bd6 17. Qb3 Qc7 18. h3 0-0 19. 0-0 Qd7 20. Qb5 Bxh3 21. gxh3 Qxh3 22. f4 Qg3+ 23. Kh1 Rc6 24. Be2 Bc7 25. Qxd5 Rh6+ 26. Bh5 Qh3+ 27. Kg1 Rxh5 28. Qg2 Qf5 29. Rf3 Rh6 30. Re1 Rg6 31. Rg3 Bxf4 32. Rxg6 hxg6 33. Rf1 g5 34. Bxf4 gxf4 35. Qf3 Re8 36. Qxf4 Qg6+ 37. Kh2 Re6 38. Qh4 Re4 39. Rf2 Rxh4# 0-1

[Event "Titled Tuesday intern op 17th Jan Late"]
[Site "Chess.com INT"]
[Date "2023.01.17"]
[Round "10"]
[White "Limon Olmos, Ivan Alonso"]
[Black "Garcia Correa, Jose Ricardo"]
[Result "1-0"]
[WhiteElo "2140"]
[BlackElo "2103"]
[PlyCount "85"]
[EventDate "2023.01.17"]
[EventType "swiss (blitz)"]
[EventRounds "11"]
[EventCountry "USA"]
[SourceTitle "CBM 212 Extra"]
[Source "ChessBase"]
[SourceDate "2023.03.31"]
[SourceVersion "1"]
[SourceVersionDate "2023.03.31"]
[SourceQuality "1"]

1. d4 Nf6 2. Nf3 e6 3. c4 c5 4. d5 b5 5. cxb5 Nxd5 6. e4 Nb6 7. Nc3 Bb7 8. Bd3 d5 9. exd5 exd5 10. 0-0 Be7 11. Re1 0-0 12. a4 d4 13. Ne4 c4 14. Bb1 d3 15. b3 Bb4 16. Bd2 Bxd2 17. Qxd2 Re8 18. Qf4 N8d7 19. bxc4 Nxc4 20. Bxd3 Nb2 21. Bc2 Rc8 22. Neg5 Nf6 23. Bb3 Bd5 24. Rxe8+ Qxe8 25. Bxd5 Nxd5 26. Qh4 h6 27. Ne4 Nd3 28. Nd6 Qd8 29. Nxc8 Qxh4 30. Nxh4 Kf8 31. Rd1 N5b4 32. Nf3 g5 33. Nxa7 Nb2 34. Rb1 N4d3 35. b6 Nxa4 36. b7 Nc3 37. b8Q+ Kg7 38. Rb3 Ne2+ 39. Kf1 Ndc1 40. Qe5+ Kg6 41. Rb6+ Kh5 42. Qf5 Nf4 43. g4# 1-0

[Event "Titled Tuesday intern op 17th Jan Early"]
[Site "Chess.com INT"]
[Date "2023.01.17"]
[Round "10"]
[White "Limon Olmos, Ivan Alonso"]
[Black "Kochiev, Ivan"]
[Result "1-0"]
[WhiteElo "2140"]
[BlackElo "2046"]
[PlyCount "59"]
[EventDate "2023.01.17"]
[EventType "swiss (blitz)"]
[EventRounds "11"]
[EventCountry "USA"]
[SourceTitle "CBM 212 Extra"]
[Source "ChessBase"]
[SourceDate "2023.03.31"]
[SourceVersion "1"]
[SourceVersionDate "2023.03.31"]
[SourceQuality "1"]

1. d4 Nf6 2. Nf3 e6 3. c4 c5 4. d5 exd5 5. cxd5 d6 6. Nc3 g6 7. Bg5 Bg7 8. Nd2 0-0 9. e4 Na6 10. Be2 Nc7 11. 0-0 Rb8 12. a4 a6 13. Nc4 b5 14. Na5 Bd7 15. axb5 axb5 16. Nc6 Bxc6 17. dxc6 h6 18. Bh4 g5 19. Bg3 b4 20. Nd5 Nxe4 21. Ra7 Nxg3 22. hxg3 Nxd5 23. Qxd5 Qb6 24. Rd7 Rbc8 25. Bd3 c4 26. Bb1 c3 27. Qf5 c2 28. Bxc2 Rfe8 29. Qxf7+ Kh8 30. Qxg7# 1-0

[Event "Titled Tuesday intern op 17th Jan Early"]
[Site "Chess.com INT"]
[Date "2023.01.17"]
[Round "1"]
[White "Limon Olmos, Ivan Alonso"]
[Black "Kosakowski, Jakub"]
[Result "0-1"]
[WhiteElo "2140"]
[BlackElo "2466"]
[PlyCount "74"]
[EventDate "2023.01.17"]
[EventType "swiss (blitz)"]
[EventRounds "11"]
[EventCountry "USA"]
[SourceTitle "CBM 212 Extra"]
[Source "ChessBase"]
[SourceDate "2023.03.31"]
[SourceVersion "1"]
[SourceVersionDate "2023.03.31"]
[SourceQuality "1"]

1. d4 d5 2. c4 e6 3. Nf3 c5 4. cxd5 exd5 5. Nc3 Nf6 6. Bg5 Be6 7. e3 Nc6 8. Bb5 a6 9. Bxc6+ bxc6 10. Qa4 Qb6 11. 0-0 c4 12. b3 Bb4 13. Rfc1 Bxc3 14. Rxc3 Ne4 15. Rcc1 c3 16. Bf4 0-0 17. Ne5 Rfc8 18. f3 Nd6 19. Rxc3 Nb5 20. Rc5 f6 21. Nd3 Bf5 22. Nb4 Bd7 23. Rac1 a5 24. Nd3 Qd8 25. R5c2 Qe7 26. Nc5 g5 27. Nxd7 gxf4 28. Nb6 Qxe3+ 29. Kh1 Nxd4 30. Rc3 Qe5 31. Nxc8 Rxc8 32. Qxa5 Ne2 33. Re1 Qxc3 34. Qxc3 Nxc3 35. a4 d4 36. Re6 d3 37. Rd6 Nd5 0-1

[Event "Titled Tuesday intern op 17th Jan Early"]
[Site "Chess.com INT"]
[Date "2023.01.17"]
[Round "7"]
[White "Limon Olmos, Ivan Alonso"]
[Black "Rangel, Daniel"]
[Result "1-0"]
[WhiteElo "2140"]
[BlackElo "2220"]
[PlyCount "85"]
[EventDate "2023.01.17"]
[EventType "swiss (blitz)"]
[EventRounds "11"]
[EventCountry "USA"]
[SourceTitle "CBM 212 Extra"]
[Source "ChessBase"]
[SourceDate "2023.03.31"]
[SourceVersion "1"]
[SourceVersionDate "2023.03.31"]
[SourceQuality "1"]

1. d4 Nf6 2. Nf3 e6 3. c4 d5 4. Nc3 c6 5. Bg5 Nbd7 6. e3 h6 7. Bxf6 Qxf6 8. Rc1 g6 9. Bd3 Bg7 10. 0-0 0-0 11. e4 dxc4 12. e5 Qe7 13. Bxc4 b5 14. Bb3 Bb7 15. Ne4 Rac8 16. Nd6 Rc7 17. Nxb7 Rxb7 18. Rxc6 Nb6 19. Qc2 Rd7 20. Rc1 Rfd8 21. Qc5 Qe8 22. Qxb5 g5 23. h3 Nd5 24. Bxd5 Rxd5 25. Qb7 R5d7 26. Rc7 Rxc7 27. Rxc7 Bf8 28. Qc6 Qxc6 29. Rxc6 Rb8 30. b3 Rb7 31. Kf1 Kg7 32. Ke2 Kg6 33. g4 Rd7 34. Kd3 Bg7 35. Ke4 Rb7 36. Nd2 Kh7 37. Nc4 Rd7 38. Nd6 Bf8 39. Ne8 Kg6 40. Nf6 Rb7 41. Rc8 Bg7 42. Rg8 Rc7 43. Rxg7+ 1-0

[Event "Titled Tuesday intern op 17th Jan Late"]
[Site "Chess.com INT"]
[Date "2023.01.17"]
[Round "3"]
[White "Limon Olmos, Ivan Alonso"]
[Black "Sai, Krishna GV"]
[Result "0-1"]
[WhiteElo "2140"]
[BlackElo "2379"]
[PlyCount "50"]
[EventDate "2023.01.17"]
[EventType "swiss (blitz)"]
[EventRounds "11"]
[EventCountry "USA"]
[SourceTitle "CBM 212 Extra"]
[Source "ChessBase"]
[SourceDate "2023.03.31"]
[SourceVersion "1"]
[SourceVersionDate "2023.03.31"]
[SourceQuality "1"]

1. d4 Nf6 2. Nf3 g6 3. c4 Bg7 4. Nc3 0-0 5. e4 d6 6. Be2 e5 7. dxe5 dxe5 8. Qxd8 Rxd8 9. Bg5 c6 10. Nxe5 Re8 11. 0-0-0 Na6 12. Nf3 Bg4 13. Be3 Nxe4 14. Nxe4 Rxe4 15. b3 Nb4 16. Kb1 Bf5 17. Rd3 Rxe3 18. fxe3 Bxd3+ 19. Bxd3 Nxd3 20. Rd1 Nc5 21. b4 Na6 22. a3 Re8 23. Rd7 Rxe3 24. Rxb7 Rxa3 25. Rxa7 Ra1+ 0-1

[Event "Titled Tuesday intern op 17th Jan Late"]
[Site "Chess.com INT"]
[Date "2023.01.17"]
[Round "9"]
[White "Thiel, Thomas"]
[Black "Limon Olmos, Ivan Alonso"]
[Result "0-1"]
[WhiteElo "2241"]
[BlackElo "2140"]
[PlyCount "104"]
[EventDate "2023.01.17"]
[EventType "swiss (blitz)"]
[EventRounds "11"]
[EventCountry "USA"]
[SourceTitle "CBM 212 Extra"]
[Source "ChessBase"]
[SourceDate "2023.03.31"]
[SourceVersion "1"]
[SourceVersionDate "2023.03.31"]
[SourceQuality "1"]

1. e4 e5 2. Nf3 Nc6 3. d4 exd4 4. Nxd4 Nf6 5. Nxc6 bxc6 6. e5 Qe7 7. Qe2 Nd5 8. h4 h6 9. c4 Ba6 10. Nd2 g6 11. Qe4 Nb6 12. h5 d5 13. exd6 cxd6 14. hxg6 fxg6 15. b3 Bg7 16. Rb1 Kf7 17. Qxe7+ Kxe7 18. Bd3 Kf7 19. 0-0 d5 20. Bb2 Rhd8 21. Bxg7 Kxg7 22. Rbd1 c5 23. Rfe1 Re8 24. Bf1 dxc4 25. Nxc4 Nxc4 26. Bxc4 Bxc4 27. bxc4 Rxe1+ 28. Rxe1 Kf6 29. Rd1 Ke6 30. Rd5 Rc8 31. Kf1 Rc6 32. Ke2 Ra6 33. Ke3 Ra3+ 34. Kf4 Rxa2 35. Rxc5 Rxf2+ 36. Kg3 Ra2 37. Rc6+ Kf5 38. c5 a5 39. Ra6 Ke5 40. c6 Kd6 41. c7+ Kxc7 42. Rxg6 Kb7 43. Rxh6 a4 44. Rh5 Kb6 45. Rh8 Rc2 46. Ra8 Kb5 47. Kh3 Kb4 48. g4 a3 49. Kh4 Rc5 50. g5 Ra5 51. Rb8+ Kc3 52. Rb1 a2 0-1

[Event "Titled Tuesday intern op 10th Jan Early"]
[Site "Chess.com INT"]
[Date "2023.01.10"]
[Round "1"]
[White "Limon Olmos, Ivan Alonso"]
[Black "Bortnyk, Olexandr"]
[Result "0-1"]
[WhiteElo "2140"]
[BlackElo "2604"]
[PlyCount "94"]
[EventDate "2023.01.10"]
[EventType "swiss (blitz)"]
[EventRounds "11"]
[EventCountry "USA"]
[SourceTitle "EXT 2024"]
[Source "ChessBase"]
[SourceDate "2023.10.10"]
[SourceVersion "1"]
[SourceVersionDate "2023.10.10"]
[SourceQuality "1"]

1. d4 d6 2. Nf3 Nf6 3. c4 g6 4. Nc3 Bf5 5. Bg5 Bg7 6. e3 0-0 7. Be2 c6 8. 0-0 Qc7 9. Rc1 e5 10. dxe5 dxe5 11. b4 a5 12. a3 axb4 13. axb4 Na6 14. Qb3 Qb6 15. Nxe5 Qxb4 16. Qxb4 Nxb4 17. c5 Ra3 18. Nc4 Ra7 19. Nd6 Bd3 20. Bxd3 Nxd3 21. Rb1 Nxc5 22. e4 Nfd7 23. Rfc1 b5 24. Be3 Ra6 25. Ne2 Nd3 26. Rd1 Nb2 27. Rdc1 Be5 28. Bd4 Nd3 29. Rd1 Bxd6 30. Rxd3 Ne5 31. Rdd1 Nc4 32. Bc3 Re8 33. f3 f5 34. Nd4 fxe4 35. fxe4 Rxe4 36. Nf3 Ra2 37. Re1 Bc5+ 38. Kh1 Rxe1+ 39. Rxe1 b4 40. Bf6 Kf7 41. Bh4 h6 42. Rf1 Ke6 43. Re1+ Kd7 44. Bf6 b3 45. Rd1+ Ke6 46. Bc3 b2 47. Re1+ Kd5 0-1

[Event "Carlos Torre Memorial op 32nd"]
[Site "Merida"]
[Date "2022.12.19"]
[Round "6"]
[White "Borges Matos, Juan R"]
[Black "Limon Olmos, Ivan Alonso"]
[Result "1-0"]
[WhiteElo "2403"]
[BlackElo "2086"]
[PlyCount "132"]
[EventDate "2022.12.16"]
[EventType "swiss"]
[EventRounds "9"]
[EventCountry "MEX"]
[SourceTitle "CBM 212 Extra"]
[Source "ChessBase"]
[SourceDate "2023.03.31"]
[SourceVersion "1"]
[SourceVersionDate "2023.03.31"]
[SourceQuality "1"]

1. d4 d5 2. c4 e6 3. Nc3 Nf6 4. Nf3 c6 5. Bg5 dxc4 6. e4 b5 7. e5 h6 8. Bh4 g5 9. Nxg5 hxg5 10. Bxg5 Nbd7 11. g3 Bb7 12. Bg2 Qb6 13. exf6 0-0-0 14. 0-0 c5 15. d5 b4 16. Na4 Qb5 17. a3 Nb8 18. axb4 cxb4 19. Qg4 Bxd5 20. Rfc1 Nd7 21. Bxd5 exd5 22. Be3 Bh6 23. f4 Kb7 24. Bxa7 Ra8 25. Qxd7+ Qxd7 26. Nc5+ Kc8 27. Nxd7 Kxd7 28. Kg2 Rhe8 29. Kf3 Re6 30. Bc5 Rc8 31. Ra7+ Rc7 32. Rxc7+ Kxc7 33. Bxb4 Rxf6 34. b3 Rc6 35. bxc4 dxc4 36. Bc3 Kb6 37. Ke4 Kc5 38. Bd4+ Kb4 39. Rb1+ Ka3 40. Kd5 Rc8 41. Bc3 Bf8 42. f5 Rc5+ 43. Ke4 Rc7 44. g4 Rd7 45. Rb8 Bd6 46. Rb2 Be7 47. f6 Bf8 48. Rb8 Bd6 49. Rb2 Bf8 50. Rd2 Rc7 51. Be5 Rc8 52. Rc2 Bb4 53. Kd5 c3 54. Bxc3 Bxc3 55. g5 Kb3 56. Rf2 Rh8 57. Kd6 Rh5 58. Rg2 Bb4+ 59. Kd7 Kc4 60. Ke8 Rh7 61. Rg4+ Kc5 62. Kf8 Bd2 63. h4 Be1 64. h5 Rxh5 65. Kxf7 Rh7+ 66. Kg8 Kd5 1-0

[Event "Iberoamerican-ch 8th"]
[Site "Mexico City"]
[Date "2022.02.17"]
[Round "7"]
[White "Paredes Guzman, Francisco Javier"]
[Black "Limon Olmos, Ivan Alonso"]
[Result "1-0"]
[WhiteElo "1891"]
[BlackElo "2106"]
[PlyCount "63"]
[EventDate "2022.02.12"]
[EventType "swiss"]
[EventRounds "9"]
[EventCountry "MEX"]
[SourceTitle "CBM 206 Extra"]
[Source "ChessBase"]
[SourceDate "2022.03.31"]
[SourceVersion "1"]
[SourceVersionDate "2022.03.31"]
[SourceQuality "1"]

1. d4 d5 2. c4 e6 3. Nc3 Nf6 4. Nf3 c6 5. e3 Nbd7 6. b3 Bb4 7. Bd2 0-0 8. Bd3 Qe7 9. Ne2 Bd6 10. Ng3 g6 11. 0-0 dxc4 12. bxc4 e5 13. Bc2 e4 14. Ng5 Bxg3 15. fxg3 Nb6 16. d5 Qe5 17. Rxf6 Qxg5 18. Rf4 Nxc4 19. Bc3 cxd5 20. Qd4 f6 21. Raf1 Be6 22. Bb3 Rac8 23. Qxa7 Ne5 24. Ba1 Rf7 25. Qb6 Rc6 26. Qd8+ Kg7 27. h4 Qxg3 28. Rxf6 Kh6 29. Bxe5 Qxe5 30. Rxf7 Bxf7 31. Qf8+ Qg7 32. Qxf7 1-0